000
00310nam a22001217a 4500
008
230620b xxu||||| |||| 00| 0 eng d
082
_a
323
_b
CHR 1995
245
_a
National Human Rights Institutions
260
_a
New York and Geneva
_b
United Nations
_c
1995
300
_a
XI,55p
440
_n
4
942
_2
ddc
_c
BK
999
_c
1793
_d
1793